| 000 | 01497cam a22003737a 4500 | ||
|---|---|---|---|
| 999 |
_c29170 _d29141 |
||
| 001 | 14540824 | ||
| 003 | EG-ScBUE | ||
| 005 | 20210613095922.0 | ||
| 008 | 060908t2006 gw a f b 001 0 eng d | ||
| 020 | _a3527313389 (acid-free paper) | ||
| 020 | _a9783527313389 | ||
| 035 | _a(OCoLC)ocm62890145 | ||
| 040 |
_aUKM _beng _erda _cUKM _dTXH _dBAKER _dDLC _dEG-ScBUE |
||
| 082 | 0 | 4 |
_a620.1617 _bLEV _222 |
| 100 | 1 |
_aLevitin, Valim, _eauthor. _910552 |
|
| 245 | 1 | 0 |
_aHigh temperature strain of metals and alloys : _bphysical fundamentals / _cValim Levitin. |
| 264 | 1 |
_aWeinheim : _bWiley-VCH Verlag, _c[2006] |
|
| 264 | 4 | _cc2006 | |
| 300 |
_avii, 171 pages : _billustrations ; _c25 cm |
||
| 336 |
_2rdacontent _atext _btxt |
||
| 337 |
_2rdamedia _aunmediated _bn |
||
| 338 |
_2rdacarrier _avolume _bnc |
||
| 504 | _aIncludes bibliographical references and index. | ||
| 650 | 7 |
_aMetals _xEffect of high temperatures on. _2BUEsh |
|
| 650 | 7 |
_aAlloys _xThermal properties. _2BUEsh |
|
| 653 |
_bENGMEC _cJune2021 |
||
| 655 |
_vReading book _934232 |
||
| 856 | 4 | 1 |
_3Table of contents only _uhttp://www.loc.gov/catdir/toc/fy0703/2006482039.html |
| 856 | 4 | 2 |
_3Contributor biographical information _uhttp://www.loc.gov/catdir/enhancements/fy0653/2006482039-b.html |
| 856 | 4 | 2 |
_3Publisher description _uhttp://www.loc.gov/catdir/enhancements/fy0653/2006482039-d.html |
| 906 |
_a7 _bcbc _ccopycat _d2 _encip _f20 _gy-gencatlg |
||
| 942 |
_2ddc _cBB |
||